000 00599cam a2200205ua 4500
001 11243
005 20260515114728.0
008 190904n ii |||gr||||Z||||||asm
020 _a9788172133429
040 _cMAIN
082 _a891.4514
100 _a Amal Ch. Das.,
_eEditor.
245 _aAsamiya jibani aru atmajivani adhyan
_cEdited by Amal Ch. Das
250 _a1st ed.
260 _aGuwahati:
_bPurbanchal Prakash,
_c2018.
300 _a303p.
653 _aEast Indo-European & Celtic literatures
653 _aA book on biography and autobiography in assamese literature
942 _cBK
999 _c10094
_d10094